Catalog

Record Details

Catalog Search



Available copies

  • 2 of 2 copies available at LARL/NWRL Consortium.

Current holds

0 current holds with 2 total copies.

Show Only Available Copies
Location Call Number / Copy Notes Barcode Shelving Location Status Due Date
Crookston Public Library JEF (Text) 33500013768197 Main Available -
Moorhead Public Library JEF (Text) 33500013768205 Main Available -

Record details

  • ISBN: 9781420153798
  • ISBN: 142015379X
  • Physical Description: 280 pages ; 18 cm.
  • Publisher: New York, NY : Zebra Books/Kensington Publishing Corp., [2023]

Content descriptions

Summary, etc.:
"When members of the ton's elite need to host a ... Read More
Subject: Widows > Fiction.
Event planners > Fiction.
Aristocracy (Social class) > England > Fiction.
Man-woman relationships > Fiction.
Great Britain > History > Regency, 1811-1820 > Fiction.
England > Social life and customs > 19th century > Fition.
Genre: Romance fiction.
Historical fiction.
Novels of manners.
LDR 01775cam a2200421Ii 4500
001408746
003LARL_NWRL_CONSORTIUM
00520230330154345.0
008230310s2023 nyu 000 1 eng d
040 . ‡aIG$ ‡beng ‡cIG$ ‡erda ‡dIG$ ‡dIDO ‡dAPL
019 . ‡a1368899695
020 . ‡a9781420153798 ‡q(pbk.)
020 . ‡a142015379X ‡q(pbk.)
035 . ‡a(OCoLC)1372342033 ‡z(OCoLC)1368899695
043 . ‡ae-uk-en ‡ae-uk---
08204. ‡a813/.54 ‡223
1001 . ‡aJeffries, Sabrina, ‡eauthor.
24510. ‡aWhat happens in the ballroom / ‡cSabrina Jeffries.
264 1. ‡aNew York, NY : ‡bZebra Books/Kensington Publishing Corp., ‡c[2023]
300 . ‡a280 pages ; ‡c18 cm.
336 . ‡atext ‡btxt ‡2rdacontent
337 . ‡aunmediated ‡bn ‡2rdamedia
338 . ‡avolume ‡bnc ‡2rdacarrier
4900 . ‡aDesigning debutantes ; ‡v2
520 . ‡a"When members of the ton's elite need to host a dazzling party, they call upon the planning services of Elegant Occasions--three young ladies who've put their talents for fashion, food, and music to excellent use. But while they excel in designing the perfect social event, love refuses to abide by any plan"-- ‡cProvided by publisher.
650 0. ‡aWidows ‡vFiction.
650 0. ‡aEvent planners ‡vFiction.
650 0. ‡aAristocracy (Social class) ‡zEngland ‡vFiction.
650 0. ‡aMan-woman relationships ‡vFiction.
651 0. ‡aGreat Britain ‡xHistory ‡yRegency, 1811-1820 ‡vFiction.
651 0. ‡aEngland ‡xSocial life and customs ‡y19th century ‡vFition.
655 7. ‡aRomance fiction. ‡2lcgft
655 7. ‡aHistorical fiction. ‡2lcgft
655 7. ‡aNovels of manners. ‡2lcgft
901 . ‡a408746 ‡bOCoLC ‡c408746 ‡tbiblio ‡soclc

Additional Resources